US States with the Northernmost Southernmost Point - Statistics

General Stats
  • This quiz has been taken 15 times
  • The average score is 11 of 12
Answer Stats
Southermost Point State % Correct
51°20'N Alaska
100%
42° N Idaho
100%
42° 58′ N Maine
100%
45° 56′ N North Dakota
100%
45°33′ N Washington
100%
43° 30′ N Minnesota
93%
44° 21′ N Montana
93%
42°42′ N New Hampshire
93%
42° N Oregon
93%
42°44′ N Vermont
93%
42° 30' N Wisconsin
93%
42°29′ N South Dakota
87%
No matching quizzes found
Score Distribution
Percent of People with Each Score
Percentile by Number Answered
Your Score History
You have not taken this quiz